000 00301nam a22001217a 4500
040 _c0
082 _a297.266
_bG4111 T
100 _aDr.Khalid Ghaznavi
245 _aTib e Nabvi aur Jadeed scienceĀ 
260 _aLahore
_bAl Faisal Nashran-O-Tajran Kitab
_c1995
300 _a503p.
942 _2ddc
_cBK
999 _c614641
_d614641